Die 15 erfolgreichsten Videospiele - Statistiken

Allgemein
  • Dieses Quiz wurde 872 mal gespielt
  • Das Durchschnittsergebnis liegt bei 5 aus 15
Antwortstatistiken
Verkaufszahlen Hersteller Antwort % Korrekt
300.000.000 Millionen Mojang Studios Minecraft
95%
200.000.000 Millionen Rockstar Games Grand Theft Auto V
94%
61.000.000 Millionen Rockstar Games Red Dead Redemption 2
44%
100.000.000 Millionen Electronic Arts Tetris (EA)
39%
43.000.000 Millionen Nintendo Tetris (Nintendo)
39%
40.240.000 Millionen Nintendo Super Mario Bros.
35%
69.040.000 Millionen Nintendo Mario Kart 8 Deluxe
33%
50.000.000 Millionen Blizzard Entertainment Overwatch
31%
82.900.000 Millionen Nintendo Wii Sports
28%
44.790.000 Millionen Nintendo Animal Crossing: New Horizons
17%
75.000.000 Millionen _ _ _ _ Corporation PUBG: Battlegrounds
14%
60.000.000 Millionen Bethesda Game Studios The Elder Scrolls V: Skyrim
11%
44.500.000 Millionen Re-Logic Terraria
10%
50.000.000 Millionen Bandai Namco Games The Witcher 3: Wild Hunt
5%
40.000.000 Millionen 505 Games Human Fall Flat
2%
Keine übereinstimmenden Quizze gefunden
Verteilung der Resultate
Anzahl Personen mit jedem Resultat
Perzentil nach korrekt beantworteten Fragen
Ihre Resultats-Entwicklung
Sie haben dieses Quiz noch nicht gespielt